हिन्दी की शब्द-सम्पदा: (Record no. 17304)

MARC details
000 -LEADER
fixed length control field 04371nam a22004097a 4500
005 - DATE AND TIME OF LATEST TRANSACTION
control field 20081030110339.0
010 ## - LCCN (DPL NO)
LC control number HIN-84545
020 ## - INTERNATIONAL STANDARD BOOK NUMBER
International Standard Book Number 9788126715930
Terms of availability 350.00
035 ## - SYSTEM CONTROL NUMBER
System control number HN-56891
035 ## - SYSTEM CONTROL NUMBER
System control number B-400431-42
037 ## - SOURCE OF ACQUISITION
Source of stock number/acquisition DBAD / PUB
037 ## - SOURCE OF ACQUISITION
Source of stock number/acquisition राजकमल प्रकाशन/ PUB
082 ## - DEWEY DECIMAL CLASSIFICATION NUMBER
Classification number 420
100 ## - MAIN ENTRY--PERSONAL NAME
Personal name मिश्र, विद्यानिवास
245 ## - TITLE STATEMENT
Title हिन्दी की शब्द-सम्पदा:
Statement of responsibility, etc विद्यानिवास मिश्र
Remainder of title (विविध व्यवहार क्षेत्रों में हिन्दी की अभिव्यक्ति-क्षमता की एक मनमौजी साहित्यिक पैमाइश) /
246 ## - VARYING FORM OF TITLE
Title proper/short title Hindi ki Shabda Sampadaa
Remainder of title by Vidyaniwas Mishra
260 ## - PUBLICATION, DISTRIBUTION, ETC. (IMPRINT)
Place of publication, distribution, etc नई दिल्ली
Name of publisher, distributor, etc राजकमल प्रकाशन
Date of publication, distribution, etc 2008
270 ## - ADDRESS
Address 1-बी, नेताजी सुभाष मार्ग
City नई दिल्ली
Postal code 110002
300 ## - PHYSICAL DESCRIPTION
Extent 291पृ
Dimensions 22सेमी (सजिल्द)
650 ## - SUBJECT ADDED ENTRY--TOPICAL TERM
Topical term or geographic name as entry element हिन्दी भाषा
General subdivision शब्दकोश
650 ## - SUBJECT ADDED ENTRY--TOPICAL TERM
Topical term or geographic name as entry element HIndi language
General subdivision Dictionary
942 ## - ADDED ENTRY ELEMENTS (KOHA)
Source of classification or shelving scheme Dewey Decimal Classification
Item type Hindi Books
Call number suffix मिश्रवि
Classification part 420
Holdings
Withdrawn status Lost status Not for loan Collection code Home library Current library Date acquired Source of acquisition Cost, normal purchase price Full call number Barcode Copy number Cost, replacement price Koha item type Public note
      Non-fiction Bawana Bawana 30/09/2010 राजकमल प्रकाशन/5516/19.03.10/575/17.03.10/31.03.10 350.00 420 मिश्रवि B-400441 1 350.00 Hindi Books  
      Non-fiction Central Library Central Library 30/09/2010 राजकमल प्रकाशन/5516/19.03.10/575/17.03.10/31.03.10 350.00 420 मिश्रवि B-400431 1 350.00 Hindi Books  
    Not For Loan Non-fiction D.B.Act.Division D.B.Act.Division 30/10/2008 DBAD / PUB 350.00 423 मिश्रवि HN-56891 1 350.00 Hindi Books  
      Non-fiction Janak Puri Janak Puri 30/09/2010 राजकमल प्रकाशन/5516/19.03.10/575/17.03.10/31.03.10 350.00 420 मिश्रवि B-400436 1 350.00 Hindi Books  
      Non-fiction Karol Bagh Karol Bagh 30/09/2010 राजकमल प्रकाशन/5516/19.03.10/575/17.03.10/31.03.10 350.00 420 मिश्रवि B-400439 1 350.00 Hindi Books  
Written off     Non-fiction Mobile Library Mobile Library 30/09/2010 राजकमल प्रकाशन/5516/19.03.10/575/17.03.10/31.03.10 350.00 420 मिश्रवि B-400432 2 350.00 Hindi Books Written off on approval by DLB (By Circulation); dtd 15-06-2023
      Non-fiction Mobile Library Mobile Library 30/09/2010 राजकमल प्रकाशन/5516/19.03.10/575/17.03.10/31.03.10 350.00 420 मिश्रवि B-400433 2 350.00 Hindi Books  
      Non-fiction Narela Narela 30/09/2010 राजकमल प्रकाशन/5516/19.03.10/575/17.03.10/31.03.10 350.00 420 मिश्रवि B-400440 1 350.00 Hindi Books  
      Non-fiction New Police Line New Police Line 30/09/2010 राजकमल प्रकाशन/5516/19.03.10/575/17.03.10/31.03.10 350.00 420 मिश्रवि B-400434 1 350.00 Hindi Books  
Withdrawn     Non-fiction Patel Nagar Patel Nagar 30/09/2010 राजकमल प्रकाशन/5516/19.03.10/575/17.03.10/31.03.10 350.00 420 मिश्रवि B-400435 1 350.00 Hindi Books  
      Non-fiction Sarojini Nagar Sarojini Nagar 30/09/2010 राजकमल प्रकाशन/5516/19.03.10/575/17.03.10/31.03.10 350.00 420 मिश्रवि B-400437 1 350.00 Hindi Books  
      Non-fiction Shahdara Branch Shahdara Branch 30/09/2010 राजकमल प्रकाशन/5516/19.03.10/575/17.03.10/31.03.10 350.00 420 मिश्रवि B-400442 1 350.00 Hindi Books  
      Non-fiction Vinoba Puri Vinoba Puri 30/09/2010 राजकमल प्रकाशन/5516/19.03.10/575/17.03.10/31.03.10 350.00 420 मिश्रवि B-400438 1 350.00 Hindi Books  

© Delhi Public Library
Hit Counter
free hit counter